Statistiken für Erfolgreichste Filme der 90er

Klicken Sie hier um das Quiz zu spielen!

Allgemein

  • Dieses Quiz wurde 129 mal gespielt
  • Das Durchschnittsergebnis liegt bei 13 aus 20

Antwortstatistiken

ZuschauerBeschreibungFilm% Korrekt
18.081.331Transatlantik-Passagierschiff rammt einen Eisberg und sinktTitanic
100%
9.367.216Dinosaurier werden in einem neuen Freizeitpark zum Leben erwecktJurassic Park
97%
5.529.788Menschen versuchen, frei lebende Dinosaurier auf einer Insel vor Costa Rica einzufangenVergessene Welt – Jurassic Park
97%
8.045.062Ein kleiner Junge könnte der „Auserwählte“ der Jedi seinStar Wars: Episode I
93%
6.540.265Junge benutzt Fallen, um sein Haus vor Einbrechern zu schützenKevin – Allein zu Haus
92%
11.329.460Jungtier muss seinen bösen Onkel besiegen, um Herrscher des Geweihten Landes zu werdenDer König der Löwen
91%
7.634.253Mann mit niedrigem IQ geht nach Vietnam, spielt Tischtennis und fängt ShrimpsForrest Gump
78%
6.347.878Flaschengeist hilft einem armen Dieb, eine Prinzessin zu heiratenAladdin
77%
6.203.907Industrieller rettet 1100 Juden das LebenSchindlers Liste
75%
7.437.419Geheimagenten schützen die Erde vor intergalaktischen BedrohungenMen in Black
70%
10.625.337Geschäftsmann verliebt sich in eine ProstituiertePretty Woman
65%
5.659.340Waisenkind wird von Gorillas aufgezogenTarzan
57%
6.282.942Verfolgte Pop-Sängerin verliebt sich in ihren LeibwächterBodyguard
55%
9.258.993Außerirdische zerstören die meisten Großstädte der Erde, sind aber auch
anfällig für Hacking
Independence Day
46%
5.825.836Tollpatschiger Brite wird zu einer Kunstausstellung in Kalifornien geschicktBean
40%
6.050.218Ein Ferkel hütet Schafe, um nicht als Braten zu endenEin Schweinchen namens Babe
38%
5.553.302Mann gibt sich als Kindermädchen aus, um wieder Kontakt zu seinen entfremdeten Kindern aufzunehmenMrs. Doubtfire
37%
6.863.688Verletzter Soldat schließt sich einem Indianerstamm anDer mit dem Wolf tanzt
31%
6.609.349Eine Gruppe Schwuler hilft einem Mann, seine Frau zurück zu gewinnenDer bewegte Mann
13%
6.319.996Zwei Steinzeitmenschen decken die kriminellen Geschäfte ihres Chefs aufFlintstones
8%

Verteilung der Resultate

Perzentil nach korrekt beantworteten Fragen

Anzahl Personen mit jedem Resultat

Ihre Resultats-Entwicklung

Sie haben dieses Quiz noch nicht gespielt